00707nam a22002057a 450000500170000001000150001702000260003203500140005803700130007208200080008510000380009324500660013126000350019727000700023230000200030250000190032294200220034199900170036395201210038020151001120543.0 aENG-113775 a9789383334100c995.00 aEN- 97307 bDBAD/PUB a350 aAshtagi, Chandrakant D. Shivakeri aPublic administration /c by Chandrakant D. Shivakeri Ashtagi aDelhibA.K. Publicationsc2014 aB-61./E-1, Gali No.14, Jagat Puri Extn. Shahdara bDelhi e110093 a186p.c23cm(Hb) aIncludes index 2ddccENmASHh350 c95431d95431 001040718NFICaDBADbDBADd2015-08-04eDBAD/PUBg995.00l0o350 ASHpEN-97307r2015-08-04 00:00:00t1v995.00yEN